000 02006nam0a2200337 4500
001 RU\NLR\BIBL_A\022275168
005 20260406090001.0
035 _a(NLR Aleph) 022275168
090 _a12369001
_c12369001
100 _a20240709d2024 |||y0rusy50 ca
101 0 _arus
102 _aRU
105 _aac||z|||100yy
181 0 _ai
_baxxe
182 0 _an
200 1 _aНаучно-практическая конференция "Пути-дороги А. С. Пушкина"
_e16 декабря 2023 года, Погорелое Городище
_eсборник
203 _aТекст
_bвизуальный
_cнепосредственный
210 _aСтарица
_cПолиграфический центр "CMYK"
_cМузей "Дорога к Пушкину"
_d2024
215 _a135 с.
_cил., цв. ил., портр.
_d21
316 _aЭкз. РНБ (2024-3/13054) с экслибрисами на форзаце: ЧУ "Музей "Дорога к Пушкину"": круглый штамп; Б. А. Диодорова (учредитель музея): автогр.
_5NLR: 2024-3/13054
600 1 _aПушкин
_bА.С.
_f1799 - 1837
_gАлександр Сергеевич
_jСъезды, совещания и т.п
_91155086
_3RU\NLR\AUTH\66143362
686 2 _aШ5(2=Р)51-4Пушкин.я431
702 1 _4390
_8rus
_7ca
_aДиодоров
_bБ. А.
_gБорис Аркадьевич
_f1934-
_3RU\NLR\AUTH\7756571
_939503
710 1 2 _a"Пути-дороги А. С. Пушкина", научно-практическая конференция
_eс. Погорелое Городище, Тверская обл.
_f2023
_9884723
_3RU\NLR\AUTH\880612872
712 0 2 _4390
_4557
_a"Дорога к Пушкину", музей
_cс. Погорелое Городище, Тверская обл.
_9884757
_3RU\NLR\AUTH\880612906
942 _cBOOK
980 _aNB